Synopsis Controversiarum Potiorum, Quae Ecclesiae Christi cum Haereticis & Schismaticis modernis, Socinianis, Anabaptistis, Wegelianis, Remonstrantibus, Pontificiis, Calvinianis, Calixtinis, aliisq; intercedunt, Secundum seriem articulorum August. Confessicnis ita propositarum, ut tum materia disputationum, tum idea Locorum Communium Elencticorum exhibeatur XLIII. Disputationibus publico privatis in Electorali Universitate Wittebergensi expedita,

Bibliographic Details
Main Author: Calixt, Georg, 1586-1656 (Author)
Corporate Author: Lieberhirt, Simon (Wittenberg, Nemecko) (Printer)
Other Authors: Calov, Abraham, 1612-1686 (Thesis advisor), Lieberhirt, Simon (Printer)
Format: Book
Language:Latin
PhysicalDescription:174 strán 19 cm
Edition:Editio Tertia
Subjects:

MARC

LEADER 00000nam a2200000 4500
001 vtls011968021
003 SK-MaSNL
005 20260302060825.0
008 251112s gw 0 0n0 lat
015 |a SNBHFA 
040 |a SNKHF  |b slo  |c SNKHF  |e rda 
041 0 |a lat 
044 |a gw  |c DE 
072 7 |a 2-1  |x Prirodzená teológia. Náboženská filozofia  |2 konspekt 
080 |a 2-1  |2 2011 
100 1 |a Calixt, Georg,  |d 1586-1656  |4 aut  |9 350806 
245 1 0 |a Synopsis Controversiarum Potiorum, Quae Ecclesiae Christi cum Haereticis & Schismaticis modernis, Socinianis, Anabaptistis, Wegelianis, Remonstrantibus, Pontificiis, Calvinianis, Calixtinis, aliisq; intercedunt, Secundum seriem articulorum August. Confessicnis ita propositarum, ut tum materia disputationum, tum idea Locorum Communium Elencticorum exhibeatur XLIII. Disputationibus publico privatis in Electorali Universitate Wittebergensi expedita,  |c Praeside Abraham Calovio, D. Prof. Publico, Consist. Eccles. Adsess. & Circuli Elect. Saxon. Superintendente Generali. Praemissa est praefatio Apologetica ea, quibus Autorem D. Georgius Calixtus in der Wiederlegung vellicat, expendens 
250 |a Editio Tertia 
264 3 |a Wittebergae  |b Literis Joh. Borckardi, Acad. Typogr.  |c [1652] 
264 3 |a Wittebergae  |b Excud. Simon Lieberhirt  |c [1652] 
300 |a 174 strán  |c 19 cm 
336 |a text  |b txt  |2 rdacontent 
337 |a bez média  |b n  |2 rdamedia 
338 |a zväzok  |b nc  |2 rdacarrier 
500 |a Rok vydania a tlače podľa VD16 
500 |a Linky, záverová vineta, živé záhlavie, zložky, kustody 
501 |a Príväzok 1 k.: LEYSER, Wilhelm. Wilhelmi Lyseri, D. Theologi Consummatissimi, Summarium Locorum Theologicorum, e Scripturae dictis concinnatum & Notis accuratissimis auctum. Wittebergae: Apud Joh. Christophori Föllginer, 1694.  |5 SNK ID 101847 
508 |a Predslov 
546 |a Latinčina  |b Kurzíva  |b Antikva 
561 |a Z knižnice Učenej spoločnosti malohontskej.  |5 SNK ID 101847/prív.1 
650 0 7 |a teológia  |2 SNKPH  |9 1814 
650 0 7 |a náboženská filozofia  |2 SNKPH  |9 3774 
655 7 |a dizertácie  |2 SNKPH  |9 70277 
700 1 |a Calov, Abraham,  |d 1612-1686  |4 ths  |9 288500 
700 1 |a Burckhard, Johann  |4 pbl  |9 288504 
700 1 |a Lieberhirt, Simon  |4 prt  |9 718927 
700 1 |a Weller, Jacob  |4 hnr  |9 718928 
700 1 |a Berlichius, Burghard  |4 hnr  |9 718929 
700 1 |a Reichbrot, Christian  |4 hnr  |9 718930 
710 2 |a Učená spoločnosť malohontská  |4 fmo  |9 205374 
710 1 |a Burckhard, Johann (Wittenberg, Nemecko),  |d 1650-1688  |4 pbl  |9 431954 
710 1 |a Lieberhirt, Simon (Wittenberg, Nemecko),  |d 1671-1680  |4 prt  |9 718931 
752 |a Nemecko  |d Wittenberg 
852 |a snk  |b Historické fondy  |p ID 101847/prív.1 
958 |a DC 
958 |a ONDV 
999 |c 1122811  |d 1124741 
952 |t MHC 1397  |a SNK  |b SNK  |c SNK_HF  |y PREZ  |7 0  |p 17A1395107  |o snkID 101847/prív.1  |i snk2020/8095  |8 5  |0 0  |1 0  |4 0  |d 2020-05-20  |l 0  |r 2026-02-24 18:36:42  |w 2026-02-24